| 000 | 00996nam a2200229 a 4500 | ||
|---|---|---|---|
| 001 | BRCA_8939 | ||
| 005 | 20190320210451.0 | ||
| 008 | 300617c1779----sp-#######---#000-0#spa-# | ||
| 041 | _aspa | ||
| 044 | _asp | ||
| 084 |
_aLE32 _b.M37 1779 |
||
| 100 | 1 |
_aMarqués de Gongora _etr. _922219 |
|
| 245 | 1 | 0 |
_aDescubrimiento nuevo aì favor de la virtud en los retirados senos del pecho humano _bdesengan~o practico de todos: libro de las ilusiones del corazon, en toda suerte de estados, y condiciones _ctraducido del francés al castellano por el Marques de Gongora. |
| 260 |
_aMadrid _ben la imprenta Real de la Gazeta _c1779 |
||
| 300 |
_a403 p. _c15.9 x 10.4 cm |
||
| 500 | _aEstado físico: presenta encuadernación en pergamino con lomo semi desprendido y presencia del pez de plata | ||
| 650 | 1 | 4 |
_aVida espiritual _yObras anteriores a 1800 _921952 |
| 650 | 1 | 4 |
_aVirtud _yObras anteriores a 1800 _922220 |
| 650 | 1 | 4 |
_aTeología _yObras anteriores a 1800 _922221 |
| 902 | _aCFM | ||
| 942 |
_2lcc _cB |
||
| 999 |
_c8590 _d8590 |
||